Muntu: las culturas neoafricanas

Uloženo v:
Podrobná bibliografie
Hlavní autor: Jahn, Janheinz (Autor)
Médium: Kniha
Jazyk:španělština
Vydáno: Ciudad de México Fondo de Cultura Económica 1963
Edice:Colección Popular, 44
Témata:
Tagy: Přidat tag
Žádné tagy, Buďte první, kdo vytvoří štítek k tomuto záznamu!

MARC

LEADER 00000nam a2200000 a 4500
001 UCN4504
003 CL-VaPUC
008 010803e19630000MX |||||||||||||||||spa|d
082 0 4 |a 305.8  |b JAH  |2 21 
100 |a Jahn, Janheinz  |e author  |9 460977 
245 1 0 |a Muntu: las culturas neoafricanas 
300 |a 348 p 
942 |c BK 
945 |d 20010803 00:00:00  |a cmena 
260 |a Ciudad de México  |b Fondo de Cultura Económica  |c 1963 
650 0 |a Civilizaciones  |9 267192 
650 0 |a Antropología cultural y social   |9 265143 
650 7 |a GRUPOS ETNICOS - AFRICA  |2 CL-VaPUC  |9 460978 
650 7 |a CULTURA NEOAFRICANA  |2 CL-VaPUC  |9 460979 
583 |a last modification  |c 20010803 00:00:00  |k Rodrigo Vera 
490 0 |a Colección Popular, 44 
999 |c 296732  |d 296730 
952 |0 0  |1 0  |4 0  |6 305_800000000000000_JAH_1963  |7 0  |8 X  |9 350831  |a FDOMLP  |b FDOMLP  |d 2019-11-20  |i 3742350  |o 305.8 JAH 1963  |p 3742350  |r 2019-11-20  |w 2019-11-20  |y BK_X  |k BU2